Zdaňovanie príjmov Odbory, zostatky FKSP, sociálne fondy a daň z príjmov

Upozornenie na príjmy zdaňované do novelizácie zákona o daniach z príjmov plynúcich zo sociálnych fondov. Príjmy v zmysle zákona č. 286/1992 Zb. o daniach z príjmov. Predmet dane. Prevod prostriedkov z FKSP do odborových prostriedkov podľa vyhlášky MF SR č. 70/1993 Z.z. o hospodárení so zostatkom pr...

Ausführliche Beschreibung

Gespeichert in:
Bibliographische Detailangaben
1. Verfasser: Piršelová, Dagmar
Format: Buchkapitel
Sprache:Slowakisch
Schlagworte:
Tags: Tag hinzufügen
Keine Tags, Fügen Sie das erste Tag hinzu!

MARC

LEADER 00000naa a2200000 4500
001 r016115
005 20221213113709.0
041 0 |a slo 
044 |a SK 
245 1 0 |a Zdaňovanie príjmov  |b Odbory, zostatky FKSP, sociálne fondy a daň z príjmov  |c Dagmar Piršelová 
520 |a Upozornenie na príjmy zdaňované do novelizácie zákona o daniach z príjmov plynúcich zo sociálnych fondov. Príjmy v zmysle zákona č. 286/1992 Zb. o daniach z príjmov. Predmet dane. Prevod prostriedkov z FKSP do odborových prostriedkov podľa vyhlášky MF SR č. 70/1993 Z.z. o hospodárení so zostatkom prostriedkov FKSP v znení vyhlášky č. 103/1993 Z.z. "Prelievanie" prostriedkov z organizácií, podnikov atď. do odborov s cieľom vyhnúť sa zdaneniu. 
610 2 0 |a dane z príjmov 
610 2 0 |a odbory 
610 2 0 |a FKSP 
610 2 0 |a príjmy 
610 2 0 |a starostlivosť o pracovníkov 
610 2 0 |a sadzby daňové 
100 1 |a Piršelová, Dagmar